|
|
|
|
| LEADER |
00000nab a2200000uu 4500 |
| 001 |
vtls011145290 |
| 003 |
SK-MaSNL |
| 005 |
20260303145757.0 |
| 008 |
230222|2007 xo |||||||||||||||||rom| |
| 015 |
|
|
|a SNBRB
|
| 035 |
|
|
|a (urnnbn)urn:nbn:sk:snk:ar-008itt
|
| 035 |
|
|
|a (uuid)e0450e76-5fd6-4c16-8af4-d0114901789a
|
| 035 |
|
|
|a urn:nbn:sk:snk-abaw4b
|
| 040 |
|
|
|a SNKBUCL
|b slo
|c SNKBUCL
|e AACR2
|
| 041 |
0 |
|
|a rom
|
| 044 |
|
|
|a xo
|c SK
|
| 100 |
1 |
|
|a Marilena Felicia Țiprigan
|4 aut
|9 1168579
|
| 245 |
1 |
0 |
|a VERBUL ROMÂNESC ÎN CONTEXT SLAV
|c Marilena Felicia Țiprigan
|
| 773 |
0 |
|
|t Zborník Filozofickej fakulty Univerzity Komenského
|g Roč. 63, č. 1 (2007), s. 97-111
|
| 958 |
|
|
|a OND
|
| 958 |
|
|
|a EUIPO
|
| 958 |
|
|
|a article14
|
| 999 |
|
|
|c 2005136
|d 2007066
|